Business: (Record no. 205141)
[ view plain ]
| 000 -LEADER | |
|---|---|
| fixed length control field | 00608nam a22001937a 4500 |
| 005 - DATE AND TIME OF LATEST TRANSACTION | |
| control field | 20240923150726.0 |
| 010 ## - LCCN (DPL NO) | |
| LC control number | ENG-141348 |
| 020 ## - INTERNATIONAL STANDARD BOOK NUMBER | |
| International Standard Book Number | 9788192060911 |
| Terms of availability | 290.00 |
| 035 ## - SYSTEM CONTROL NUMBER | |
| System control number | EN-124880 |
| 037 ## - SOURCE OF ACQUISITION | |
| Source of stock number/acquisition | DBAD |
| 082 ## - DEWEY DECIMAL CLASSIFICATION NUMBER | |
| Classification number | 658.82 |
| Edition number | 1 |
| 100 ## - MAIN ENTRY--PERSONAL NAME | |
| Personal name | Prasad, G. |
| 245 ## - TITLE STATEMENT | |
| Title | Business: |
| Remainder of title | Promotion & Management/ |
| Statement of responsibility, etc | By G. Prasad |
| 250 ## - EDITION STATEMENT | |
| Edition statement | 1 |
| 260 ## - PUBLICATION, DISTRIBUTION, ETC. (IMPRINT) | |
| Place of publication, distribution, etc | Andhra Pradesh |
| Name of publisher, distributor, etc | Jai Bharath Publishers |
| Date of publication, distribution, etc | 2023 |
| 270 ## - ADDRESS | |
| Address | 2/18 Brodiepet, D No. 5-19-33/1Guntur |
| City | Andhra Pradesh |
| Postal code | 522002 |
| Telephone number | 9885166397 |
| Electronic mail address | jbp682@gmail.com |
| 300 ## - PHYSICAL DESCRIPTION | |
| Extent | 396p.: |
| Dimensions | 20cm.(pbk) |
| 942 ## - ADDED ENTRY ELEMENTS (KOHA) | |
| Source of classification or shelving scheme | Dewey Decimal Classification |
| Item type | English Books |
| Classification part | 658.82 |
| Call number suffix | PRA |
| Edition | 1 |
| Withdrawn status | Lost status | Not for loan | Collection code | Home library | Current library | Date acquired | Source of acquisition | Cost, normal purchase price | Full call number | Barcode | Copy number | Cost, replacement price | Koha item type |
|---|---|---|---|---|---|---|---|---|---|---|---|---|---|
| Non-fiction | Shahdara Branch | Shahdara Branch | 21/08/2024 | Delivery of Books Act Division | 290.00 | 658.82 PRA | EN-124880 | 1 | 290.00 | English Books |
